[Event "Central FO-ch"]
[Site "Gagarin"]
[Date "2009.05.01"]
[Round "1"]
[White "Gubajdullin, Alexey"]
[Black "Chiornyi, Maxim"]
[Result "1-0"]
[WhiteElo "2460"]
[BlackElo "2160"]
[PlyCount "101"]
[EventDate "2009.05.01"]
[EventType "swiss"]
[EventRounds "9"]
[EventCountry "RUS"]
[SourceTitle "CBM 130 Extra"]
[Source "ChessBase"]
[SourceDate "2009.07.02"]
[SourceVersion "2"]
[SourceVersionDate "2009.07.15"]
[SourceQuality "1"]

1. c4 Nf6 2. Nf3 b6 3. g3 Bb7 4. Bg2 c5 5. 0-0 g6 6. d3 Bg7 7. e4 0-0 8. Nc3 d6 9. Ng5 Nc6 10. f4 Nd4 11. Nh3 Qd7 12. Nf2 b5 13. g4 Rab8 14. g5 Ne8 15. Bh3 e6 16. Nd5 bxc4 17. dxc4 Qd8 18. Ne3 f5 19. Bg2 Nc7 20. Rb1 Bc6 21. b3 a5 22. Bd2 a4 23. b4 cxb4 24. Rxb4 e5 25. Nd5 Rxb4 26. Nxb4 Bd7 27. Nbd3 Nce6 28. Re1 Qc7 29. exf5 gxf5 30. Bd5 Kh8 31. fxe5 dxe5 32. Qh5 Be8 33. Qh3 Bg6 34. Kh1 Qd6 35. Qg3 f4 36. Qg2 f3 37. Qg3 Ne2 38. Qh3 Bf5 39. Qxf3 Bxd3 40. Qxd3 Rxf2 41. Qe3 Qc5 42. Qxc5 Nxc5 43. Be3 Nd3 44. Bxf2 Nxf2+ 45. Kg2 Nf4+ 46. Kxf2 Nd3+ 47. Ke2 Nxe1 48. Kxe1 Bf8 49. Ke2 Kg7 50. Kf3 Bc5 51. Kg4 1-0